000 00675nas a2200241 4500
001 BR7908344
003 BR-BrBNA
005 20231205084023.0
007 ta
008 230509b bl.|||p| |||| 00| 00por d
040 _aBR-BrBNA
_bpor
_cBiblioteca Nacional de Agricultura
041 _a(Pt)
072 _aL20
100 1 _aPineda, M.D.S.
100 1 _aBerger, N.M.M.
245 1 _aPipa pipa: uma ra curiosa e pouco conhecida
650 _aRA
650 _aCOMPORTAMENTO ANIMAL
650 _aHABITAT
773 0 _tNatureza em Revista (Brazil)
_xISSN 0100-4700
_g(1979), no. 6 p. 22-24
_wBR7908344
909 _a202311
_bLúcia
_c55
_dLúcia Elande
942 _2AGRIS
_n0
_cANA
999 _c102638
_d102638